000 00301nam a2200109 4500
999 _c11349
_d11349
008 181117b ||||| |||| 00| 0 eng d
245 _aAnti-dengue vaccine not implemented in r10.
260 _aDavao City
_bSun Star Davao
_cc2017
300 _apage 12.
650 0 _932604
_aVaccines.
942 _2ddc
_cPER